| 000 -LEADER |
| fixed length control field |
00860cam a2200277 a 4500 |
| 001 - CONTROL NUMBER |
| control field |
14145542 |
| 005 - DATE AND TIME OF LATEST TRANSACTION |
| control field |
20180226073945.0 |
| 008 - FIXED-LENGTH DATA ELEMENTS--GENERAL INFORMATION |
| fixed length control field |
051018s2005 nyu 000 0 eng |
| 010 ## - LIBRARY OF CONGRESS CONTROL NUMBER |
| LC control number |
2005030529 |
| 020 ## - INTERNATIONAL STANDARD BOOK NUMBER |
| International Standard Book Number |
1416915966 |
| 020 ## - INTERNATIONAL STANDARD BOOK NUMBER |
| International Standard Book Number |
9781416915966 |
| 035 ## - SYSTEM CONTROL NUMBER |
| System control number |
(OCoLC)ocm62152828 |
| 035 ## - SYSTEM CONTROL NUMBER |
| System control number |
(OCoLC)62152828 |
| 040 ## - CATALOGING SOURCE |
| Original cataloging agency |
DLC |
| Transcribing agency |
DLC |
| Modifying agency |
IG# |
| -- |
BAKER |
| -- |
BTCTA |
| -- |
DLC |
| 041 ## - LANGUAGE CODE |
| Language code of text/sound track or separate title |
eng |
| 043 ## - GEOGRAPHIC AREA CODE |
| Geographic area code |
n-us--- |
| -- |
e-uk-en |
| 080 ## - UNIVERSAL DECIMAL CLASSIFICATION NUMBER |
| Universal Decimal Classification number |
815.008 wil |
| 082 00 - DEWEY DECIMAL CLASSIFICATION NUMBER |
| Classification number |
815.008 wil |
| Edition number |
22 |
| 100 ## - Rafti |
| Rafti |
50 |
| 101 ## - Shkurtesa |
| Shkurtesa |
psi |
| 245 00 - TITLE STATEMENT |
| Title |
Take this advice : |
| Statement of responsibility, etc |
edited by Sandra Bark. |
| 246 30 - VARYING FORM OF TITLE |
| Title proper/short title |
Best graduation speeches ever given |
| 906 ## - LOCAL DATA ELEMENT F, LDF (RLIN) |
| a |
7 |
| b |
cbc |
| c |
orignew |
| d |
1 |
| e |
ecip |
| f |
20 |
| g |
y-gencatlg |
| 942 ## - ADDED ENTRY ELEMENTS (KOHA) |
| Source of classification or shelving scheme |
|
| Item type |
Books |